| 000 | 01450nam1a2200277 i 4500 | ||
|---|---|---|---|
| 001 | RU\NLR\bibl\71897 | ||
| 005 | 20260407041133.0 | ||
| 035 | _a(NLR Aleph) 000070153 | ||
| 090 |
_a386445 _c386445 |
||
| 100 | _a20000223g19999999u y0rusy50 ca | ||
| 101 | 0 | _arus | |
| 102 | _aRU | ||
| 105 | _aa ||||||||| | ||
| 200 | 1 |
_aУчебное пособие по французкому языку _eДля студентов IV курса _fМ-во образование Рос. Федерации, С.-Петерб. гос. ун-т экономики и финансов. Каф. фр. и вост. яз. _g[Сост. К.В. Сергейчев, О.А. Щербакова] |
|
| 210 |
_aСПб. _cИзд-во СПбГУЭФ _d1999 |
||
| 215 | _d20 | ||
| 463 | 0 | _100170488 | |
| 606 |
_aФранцузский язык _jУчебные издания для высших учебных заведений _91524672 _3RU\NLR\auth\66964829 |
||
| 686 | _aШ147.11-93рус329.3 | ||
| 702 | 1 |
_aСергейчев _bК. В. _gКонстантин Викторович _4220 |
|
| 712 | 0 | 2 |
_4570 _aСанкт-Петербургский государственный университет экономики и финансов _bКафедра французского и восточных языков _9524261 _3RU\NLR\AUTH\8810013200 |
| 801 | 0 |
_aRU _bNLR _c20000223 _gPSBO |
|
| 801 | 1 |
_aRU _bNLR _c20000223 |
|
| 852 |
_aNLR _j99-4/10149 |
||
| 942 | _cBOOK | ||